000 01005nam a2200301 a 4500
001 59568
003 BD-RJUL
005 20211209080739.0
008 161226r19621960nyu 000 0 eng
035 _aBD-RJUL 59692
035 _a(OCoLC)139389
040 _aDLC
_cDLC
_dm.c
_beng
041 _aeng
082 _223
_a700.9
_bROT 1962
099 _a*ML A.8Q - 7-GM6 - G0 :
_eThe tradition of the new (Rosenberg)
099 _a*ML A.4-Q - BC*VM6 - G0 :
_eThe tradition of the new (Rosenberg)
099 _a*ML A.3U-Q-MOD2 - 5 - G0 :
_eThe tradition of the new (Rosenberg)
100 1 _aRosenberg, Harold,
_d1906-1978.
_9177185
245 1 4 _aThe tradition of the new /
_cby Harold Rosenberg
260 _aFreeport, N.Y :
_bBooks for Libraries Press,
_c[1962, c1960]
300 _a285 p. ;
_c23 cm
650 0 _aArts
_9177186
650 0 _aCulture
_9170832
650 0 _aLiterature.
_9177187
830 0 _aEssay index reprint series
_9177188
942 _2ddc
_cBK
999 _c59568
_d59568